|
|
|
|
| LEADER |
01182cam a2200409 7i4500 |
| 001 |
0000027322 |
| 005 |
20111213090000.0 |
| 020 |
0 |
0 |
|a 9810027990
|
| 090 |
0 |
0 |
|a ASIA 338.7
|b DOI
|
| 245 |
0 |
0 |
|a Doing business in Asia.
|
| 260 |
0 |
0 |
|a Singapore:
|b CCH Asia,
|c 2009.
|
| 300 |
# |
# |
|a 1 v. [v.p].
|
| 650 |
0 |
0 |
|a Doing business --
|z Korea
|
| 650 |
0 |
0 |
|a Doing business --
|x Asia
|
| 650 |
0 |
0 |
|a Doing business --
|z India
|
| 650 |
0 |
0 |
|a Doing business --
|z China
|
| 650 |
0 |
0 |
|a Doing business --
|z Indonesia
|
| 650 |
0 |
0 |
|a Doing business --
|z Japan
|
| 650 |
0 |
0 |
|a Doing business --
|z Australia
|
| 650 |
0 |
0 |
|a Doing business --
|z Hong Kong
|
| 650 |
0 |
0 |
|a Business --
|z Hong Kong
|
| 650 |
0 |
0 |
|a Business --
|x Asia
|
| 650 |
0 |
0 |
|a Business --
|z Japan
|
| 650 |
0 |
0 |
|a Business --
|z India
|
| 650 |
0 |
0 |
|a Business --
|z Korea
|
| 650 |
0 |
0 |
|a Business --
|z China
|
| 650 |
0 |
0 |
|a Business --
|z Australia
|
| 650 |
0 |
0 |
|a Business --
|z Indonesia
|
| 651 |
0 |
0 |
|a Indonesia
|
| 651 |
0 |
0 |
|a Australia
|
| 651 |
0 |
0 |
|a Hong Kong
|
| 651 |
0 |
0 |
|a Japan
|
| 651 |
0 |
0 |
|a Asia
|
| 651 |
0 |
0 |
|a China
|
| 651 |
0 |
0 |
|a India
|
| 651 |
0 |
0 |
|a Korea
|
| 999 |
|
|
|a B000029630
|b Book
|c Regions
|e Business Information Centre
|